000 00943nam0a22002291i 4500
001 rc\4113920
005 20240724151723.0
021 _aRU
_b[55-21177]
035 _a(NLR Aleph) 007978936
090 _a8507470
_c8507470
100 _a20130415d1955 |||y0rusy50 ca
101 0 _arus
102 _aRU
105 _ay d |||||
200 1 _aИсследование условий устойчивости бортов Коунрадского карьера
_e(С учетом механики массива)
_eАвтореф. дис., представл. на соиск. учен. степени канд. техн. наук
_fАкад. наук Казах. ССР. Ин-т горного дела
210 _aАлма-Ата
_d1955
215 _a16 с.
_d21
700 1 _aУмбеталин
_bС.У.
_gСафа Умбетальевич
801 0 _aRU
_bNLR
_gpsbo
801 1 _aRU
_bELAR
_2rusmarc
852 _aNLR
_jТ26 Г-4/1799
942 _cBOOK